| 000 -LEADER |
| fixed length control field |
00778nam a2200217Ia 4500 |
| 001 - CONTROL NUMBER |
| control field |
3280 |
| 003 - CONTROL NUMBER IDENTIFIER |
| control field |
GE_BSU |
| 005 - DATE AND TIME OF LATEST TRANSACTION |
| control field |
20221102100413.0 |
| 008 - FIXED-LENGTH DATA ELEMENTS--GENERAL INFORMATION |
| fixed length control field |
181216s1996ru xx |||||||||||||| ||rus|| |
| 020 ## - INTERNATIONAL STANDARD BOOK NUMBER |
| International Standard Book Number |
270711950 5862253181; |
| 040 ## - CATALOGING SOURCE |
| Transcribing agency |
GE_BSU |
| 041 ## - LANGUAGE CODE |
| Language code of text/sound track or separate title |
rus |
| Language code of original |
fr |
| 080 ## - UNIVERSAL DECIMAL CLASSIFICATION NUMBER |
| Universal Decimal Classification number |
334 М–50 |
| 245 ## - TITLE STATEMENT |
| Title |
Экономика организаций =L' ECONOMIEDES ORGANISATIONS: / |
| Statement of responsibility, etc. |
Пер. с Франц. ред: ЛюВ. Бобнлева |
| 264 ## - PRODUCTION, PUBLICATION, DISTRIBUTION, MANUFACTURE, AND COPYRIGHT NOTICE |
| Place of production, publication, distribution, manufacture |
Мoсква : |
| Name of producer, publisher, distributor, manufacturer |
ИНФРА -М, |
| Date of production, publication, distribution, manufacture, or copyright notice |
1996. |
| 300 ## - PHYSICAL DESCRIPTION |
| Extent |
160 ст.: |
| Other physical details |
20 см. |
| 653 ## - INDEX TERM--UNCONTROLLED |
| keyword |
Экономикаорганизаций |
| 653 ## - INDEX TERM--UNCONTROLLED |
| keyword |
ორგანიზაციების ეკონომიკა |
| 700 ## - ADDED ENTRY--PERSONAL NAME |
| Personal name |
Бобнлева, ЛюВ. |
| Relator term |
რედაქტორი |
| 9 (RLIN) |
15706 |
| 942 ## - ADDED ENTRY ELEMENTS (KOHA) |
| Koha item type |
წიგნი |
| Source of classification or shelving scheme |
|